000
00331nam a22001337a 4500
008
170629b xxu||||| |||| 00| 0 eng d
020
_a
970618303953
041
_a
eng
080
_a
05
100
_a
22
101
_a
GJL
245
_a
GRAMMAR USAGE AND MECHANICS BOOK TEACHING MORE APPLICATION
_c
LITTEL.M
942
_2
udc
_c
BK
999
_c
19443
_d
19443